00947cac a22002531u 4500090000900000008004100009010001300050020001500063020002200078082001700100100003400117245011500151260005400266300003400320500002600354504005300380511002600433650002200459650004000481700002800521942002400549999001500573952010500588 c6132081106t1992 xxu||||| |||| 00| 0 eng d a91043922 a0415081203 a0415073499 (pbk.)00a155.937bLEN aLendrum, Susan, 10aGift of tears :ba practical approach to loss and bereavement counselling /cSusan Lendrum and Gabrielle Syme. aLondon ;aNew York :bTavistock/Routledge,c1992. axiv, 204 p. :bill. ;c24 cm. adistributer: Al-Ahram aIncludes bibliographical references and indexes. acatalogued by: wessam 0aLoss (Psychology) 0aBereavementxPsychological aspects.1 aSyme, Gabrielle,d1943- cBBk155.937LEN2ddc c6132d6132 00104070aMAINbMAINcLOWd2014-11-07ePurchasel0o155.937LENp000007313r2025-07-15 00:00:00yBB